The twelve days of christmas of grandma is overly generous (Record no. 407)

MARC details
000 -LEADER
fixed length control field 00528nam a22001817a 4500
005 - DATE AND TIME OF LATEST TRANSACTION
control field 20230612104235.0
008 - FIXED-LENGTH DATA ELEMENTS--GENERAL INFORMATION
fixed length control field 230612b |||||||| |||| 00| 0 eng d
020 ## - INTERNATIONAL STANDARD BOOK NUMBER
International Standard Book Number 9781529043372
040 ## - CATALOGING SOURCE
Original cataloging agency KMU
Transcribing agency KMU
Modifying agency KMU
Description conventions rda
050 ## - LIBRARY OF CONGRESS CALL NUMBER
Classification number PR 830.C52
100 ## - MAIN ENTRY--PERSONAL NAME
Personal name Smith,Alex T.
245 ## - TITLE STATEMENT
Title The twelve days of christmas of grandma is overly generous
Remainder of title /
Statement of responsibility, etc. A
Medium Alex T.Smith
260 ## - PUBLICATION, DISTRIBUTION, ETC.
Place of publication, distribution, etc. London:
Name of publisher, distributor, etc. Machmillan Children's Book,
Date of publication, distribution, etc. 2020.
300 ## - PHYSICAL DESCRIPTION
Extent 55 p.:
Other physical details ill.;
Dimensions 19cm
650 ## - SUBJECT ADDED ENTRY--TOPICAL TERM
Topical term or geographic name entry element Celebration
650 ## - SUBJECT ADDED ENTRY--TOPICAL TERM
Topical term or geographic name entry element Christmas
942 ## - ADDED ENTRY ELEMENTS (KOHA)
Source of classification or shelving scheme Library of Congress Classification
Koha item type Fiction
Suppress in OPAC No
Holdings
Withdrawn status Lost status Source of classification or shelving scheme Damaged status Not for loan Collection Home library Current library Shelving location Date acquired Source of acquisition Total Checkouts Full call number Barcode Date last seen Date last checked out Price effective from Koha item type
    Library of Congress Classification     Fiction Kapasa Makasa University Kapasa Makasa University Children's Area 12.06.2023 Zambia Library Service 2 PR 830.C52 Smi 300403 20.09.2023 12.09.2023 12.06.2023 Fiction
    Library of Congress Classification     Fiction Kapasa Makasa University Kapasa Makasa University Children's Area 12.06.2023 Zambia Library Service 1 PR 830.C52 Smi 300402 24.07.2023 21.07.2023 12.06.2023 Fiction